| 000 | 01036aab a22002054i 4500 | ||
|---|---|---|---|
| 001 | 768714001 | ||
| 003 | CO-MdFUSB | ||
| 005 | 20240530102143.0 | ||
| 008 | 170508s1992 cr ||||| |||| 00| 0 spa d | ||
| 040 |
_aCO-MdFUSB _bspa _cCO-MdFUSB _dCO-MdFUSB |
||
| 041 | _aspa | ||
| 100 | 1 |
_aLibert, Samuel O. _eautor |
|
| 245 | 1 | 4 |
_aLos 500 : _bni celebrar la conquista, ni condenar el descubrimiento _c/ Libert, Samuel O. |
| 300 |
_aVolumen 10, número 1 (1992), páginas 30 - 32 _c: 27 cm. |
||
| 520 | _aUn humorista latinoamericano católico es autor de estas líneas" Debo escribir la Historia de l iglesia en la América latina. Esto me plantea un dilema ¡No sé sí escribir una historia o un mea culpa! para la evangelización de América los estamentos religiosos superiores estuvieron de acuerdo. Para ello, todos fueron consultados, salvo Jesús" | ||
| 650 | 0 |
_9153 _aHistoria de la Iglesia |
|
| 773 | 0 |
_tApuntes Pastorales _049442 _960137 _gVolumen 10. Número 1 (1992), páginas 30-32 _qPágina 30 |
|
| 942 | _cANA | ||
| 945 | _aJTF-925 | ||
| 999 |
_c49734 _d49734 |
||